01349nam a2200277 a 450000500170000000800410001702000180005804000240007604100080010004400070010808200220011510000350013724500890017226001150026130000660037649000470044250400290048950501940051865000730071265000610078565000390084665000590088570000380094470000470098270000420102920150829020003.0150217s2014 ck a gr 00110 spa d a9789587750461 aCO-BoBLA cCO-BoBLA aspa ack04a595.380986 bC95c1 aCampos, Martha Helena Rocha de10aCrustáceos decápodos de agua dulce de Colombia / cMartha Helena Campos de Rocha aBogotá : bUniversidad Nacional de Colombia. Facultad de Ciencias. Instituto de Ciencias Naturales : c2014. a691 páginas : bilustraciones, gráficos, mapas ; c24 cm.1 aBiblioteca José Jerónimo Triana ; v27 aIncluye bibliografías. aFamilia Atydae de Hann Familia Euryrhynchidae Holthuis Familia Palaemonidae Rafinesque Familia Sergestidae Dana Familia Trichodactylidae H. Milne Edwards Familia Pseudothelphusidae Ortmann 4aDecápodos (Crustáceos)x Distribución geográficaz Colombia. 4aDecápodos (Crustáceos)x Clasificaciónz Colombia. 4aDiversidad biológicaz Colombia. 4aCrustáceosx Distribución geográficaz Colombia.1 aPalacio O., Juan David, eeditor.1 aGonzález Duque, Lina María, eeditora.1 aGómez Hoyos, Juan Carlos, eeditor.